000 00517nam a2200181Ia 4500
003 OSt
005 20200131144016.0
008 190216s9999||||xx |||||||||||||| ||und||
020 _a8170962390
040 _coclc
082 _a320.954
_bSIK/I
100 _aSikri, S L
_91704
245 0 _aIndian Government And Politics /
_cS L Sikri
260 _bKalyani Publishers,
_c1999.
_aLudhiana:
300 _a318p
650 _aPolitical Science
942 _cBK
_2ddc
_h320.954
_iSIK/I
_k320.954
_mSIK/I
999 _c34882
_d34882